Chân dung và bút tích nhà văn Việt Nam Tập 1

সংরক্ষণ করুন:
গ্রন্থ-পঞ্জীর বিবরন
প্রধান লেখক: Trần, Thanh Phương
অন্যান্য লেখক: Phan, Thu Hương
বিন্যাস: গ্রন্থ
ভাষা:Vietnamese
প্রকাশিত: H. Giáo dục 2008
বিষয়গুলি:
ট্যাগগুলো: ট্যাগ যুক্ত করুন
কোনো ট্যাগ নেই, প্রথমজন হিসাবে ট্যাগ করুন!
Thư viện lưu trữ: Trung tâm Học liệu Lê Vũ Hùng, Trường Đại học Đồng Tháp
LEADER 00817pam a22002538a 4500
001 00030227
005 20171026081022.0
008 121228s2008 ||||||viesd
020 |c 295000 
041 0 # |a vie 
082 1 4 |a 895.922 090 03  |b CH121D 
100 1 # |a Trần, Thanh Phương 
245 1 0 |a Chân dung và bút tích nhà văn Việt Nam  |c Trần Thanh Phương, Phan Thu Hương  |n Tập 1 
260 # # |a H.  |b Giáo dục  |c 2008 
300 # # |a 516 tr.  |c 29 cm. 
653 # # |a Nghiên cứu văn học 
653 # # |a Việt Nam 
653 # # |a Nhà Văn 
653 # # |a Nhà Thơ 
700 1 # |a Phan, Thu Hương 
852 # # |j KD.0014255 
852 # # |b Kho đọc  |j KD.0014255 
910 |d 28/12/2012 
980 # # |a Trung tâm Học liệu Lê Vũ Hùng, Trường Đại học Đồng Tháp